Champions League winners - Statistics

General Stats
  • This quiz has been taken 37 times
  • The average score is 57 of 69
Answer Stats
Year Answer % Correct
2012 Chelsea
94%
2021 Chelsea
94%
1977 Liverpool
94%
1978 Liverpool
94%
1981 Liverpool
94%
1984 Liverpool
94%
2005 Liverpool
94%
2019 Liverpool
94%
2023 Manchester City
94%
1968 Manchester United
94%
1999 Manchester United
94%
2008 Manchester United
94%
1956 Real Madrid
90%
1957 Real Madrid
90%
1958 Real Madrid
90%
1959 Real Madrid
90%
1960 Real Madrid
90%
1966 Real Madrid
90%
1998 Real Madrid
90%
2000 Real Madrid
90%
2002 Real Madrid
90%
2014 Real Madrid
90%
2016 Real Madrid
90%
2017 Real Madrid
90%
2018 Real Madrid
90%
2022 Real Madrid
90%
2024 Real Madrid
90%
1963 AC Milan
87%
1969 Ac Milan
87%
1989 AC Milan
87%
1990 AC Milan
87%
1994 AC Milan
87%
2003 AC Milan
87%
2007 AC Milan
87%
1974 Bayern Munich
87%
1975 Bayern Munich
87%
1976 Bayern Munich
87%
2001 Bayern Munich
87%
2013 Bayern Munich
87%
2020 Bayern Munich
87%
1964 Inter
87%
1965 Inter
87%
2010 Inter
87%
1992 FC Barcelona
84%
2006 FC Barcelona
84%
2009 FC Barcelona
84%
2011 FC Barcelona
84%
2015 FC Barcelona
84%
1971 Ajax
81%
1972 Ajax
81%
1973 Ajax
81%
1995 Ajax
81%
1997 Borussia Dortmund
81%
1985 Juventus
81%
1996 Juventus
81%
1961 Benfica
71%
1962 Benfica
71%
1979 Nottingham Forest
71%
1980 Nottingham Forest
71%
1987 Porto
71%
2004 Porto
71%
1988 PSV
65%
1982 Aston Villa
61%
1967 Celtic
58%
1983 Hamburger SV
58%
1993 Marseille
58%
1970 Feyenoord
52%
1991 Red Star Belgrade
45%
1986 FCSB
26%
No matching quizzes found
Score Distribution
Percent of People with Each Score
Percentile by Number Answered
Your Score History
You have not taken this quiz